000 00318nam a22001337a 4500
008 180924b xxu||||| |||| 00| 0 eng d
020 _a9780155014978
041 _aeng
080 _a159.9
100 _a48
101 _aPSI
245 _aThe lives of lesbians, gays, and bisexuals
_cWilliams,R.C.S
942 _2udc
_cBK
999 _c48318
_d48318